the exosat observation log (Record no. 9003)
[ view plain ]
| 000 -LEADER | |
|---|---|
| fixed length control field | 00700nam a2200217Ia 4500 |
| 003 - CONTROL NUMBER IDENTIFIER | |
| control field | IN-BaIIA |
| 008 - FIXED-LENGTH DATA ELEMENTS--GENERAL INFORMATION | |
| fixed length control field | 211028s9999 xx 000 0 eng d |
| 040 ## - CATALOGING SOURCE | |
| Transcribing agency | IIA Library |
| 080 ## - UNIVERSAL DECIMAL CLASSIFICATION NUMBER | |
| Universal Decimal Classification number | 83.6 |
| Item number | STE |
| 100 ## - MAIN ENTRY--PERSONAL NAME | |
| Personal name | Sternberg, J. R |
| 9 (RLIN) | 15131 |
| 245 #4 - TITLE STATEMENT | |
| Title | the exosat observation log |
| Statement of responsibility, etc. | J. R. Sternberg..[et.al] |
| 260 ## - PUBLICATION, DISTRIBUTION, ETC. | |
| Place of publication, distribution, etc. | Netherlands, European Space Agency |
| Name of publisher, distributor, etc. | European Space Agency |
| Date of publication, distribution, etc. | 1986 |
| 300 ## - PHYSICAL DESCRIPTION | |
| Extent | [various pagings.] |
| 650 ## - SUBJECT ADDED ENTRY--TOPICAL TERM | |
| Topical term or geographic name entry element | Astronomy and astrophysics thesaurus |
| 650 ## - SUBJECT ADDED ENTRY--TOPICAL TERM | |
| Topical term or geographic name entry element | Exosat log |
| 9 (RLIN) | 15132 |
| 650 ## - SUBJECT ADDED ENTRY--TOPICAL TERM | |
| Topical term or geographic name entry element | Exosat observation |
| 9 (RLIN) | 15133 |
| 700 ## - ADDED ENTRY--PERSONAL NAME | |
| Personal name | Barr, P. |
| 9 (RLIN) | 15134 |
| 700 ## - ADDED ENTRY--PERSONAL NAME | |
| Personal name | Osborne, L. |
| 9 (RLIN) | 15135 |
| 700 ## - ADDED ENTRY--PERSONAL NAME | |
| Personal name | White, N. E. |
| 9 (RLIN) | 15136 |
| 942 ## - ADDED ENTRY ELEMENTS (KOHA) | |
| Koha item type | Books |
| Withdrawn status | Lost status | Damaged status | Not for loan | Home library | Current library | Shelving location | Date acquired | Total Checkouts | Full call number | Barcode | Date last seen | Price effective from | Koha item type |
|---|---|---|---|---|---|---|---|---|---|---|---|---|---|
| IIA Library-Bangalore | IIA Library-Bangalore | General Stacks | 30/04/1987 | 083.6/ STE | 9894 | 05/11/2021 | 30/04/1987 | Books |